| 000 | 00541nam a22001937a 4500 | ||
|---|---|---|---|
| 003 | OSt | ||
| 005 | 20171212192620.0 | ||
| 008 | 171212b xxu||||| |||| 00| 0 eng d | ||
| 020 | _a9780077132590 | ||
| 040 | _cDDC | ||
| 082 | _a658.4 THO 2012 | ||
| 100 |
_aThomsen, Steen; Conyon, Martin _912290 |
||
| 245 | _aCorpoarate Governance: mechanisms and systems | ||
| 260 | _aLondon; McGraw-hill, 2012 | ||
| 300 | _axv,367p; ill: 25cm | ||
| 504 | _aReferences, & index included | ||
| 650 |
_aCorpoarate Governance _912291 |
||
| 942 |
_2z _cB_BANK |
||
| 999 |
_c5916 _d5916 |
||